000 02559nam a2200541 4500
001 0000021948
003 CO-CtgCURN
005 20260409202942.0
008 160627s2006 000 0 eng d
020 _a8423337162
040 _aCO-CtgCURN
_bspa
_ccoctgcurn
082 0 _a001.42
_bB517m
100 1 _aBernal Torres, César Augusto.
245 1 0 _aMetodología de la Investigación :
_bPara Administración, Economía, Humanidades y ciencias sociales /
_cCésar Augusto Bernal.
250 _a2a ed.
260 _aMéxico :
_bPrentice Hall :
_bPearson Educación,
_c2006.
300 _a286 p :
_bil., tablas genealógicas, tablas, gráficas +
_e1 cd-rom.
336 _2rdacontent
337 _2rdamedia
_asin mediacion
_bn
338 _2rdacarrier
_avolumen
_bnc
500 _aIncluye indice.
505 8 _aInvestigación en la sociedad del conocimiento.--Fundamentos epistemológicos de la Investigación científica y de las ciencias sociales.--Proceso de Investigación científica.--Instrumentos de medición y recolección de información primaria en ciencias sociales
590 _aBioestadística (Medicina)
590 _aSeminario de investigación I (Bacteriología)
590 _aSeminario de investigación II (Bacteriología)
590 _aSeminario de investigación III (Bacteriología)
590 _aSeminario de investigación IV (Bacteriología)
590 _aSeminario de investigación V (Bacteriología)
590 _aSeminario de investigación VI (Bacteriología)
590 _aSeminario de investigación VII (Bacteriología)
590 _aSeminario de investigación VIII (Bacteriología)
590 _aSeminario de investigación IX (Bacteriología)
650 0 _aEconomía
_vInvestigaciones.
650 0 _aInvestigación científica
_xMetodología.
650 0 _aInvestigación científica.
650 0 _aMetodología en administración.
650 0 _aMetodología en ciencias sociales.
650 0 _aMetodología científica.
908 _a160627
942 _cBK
_h001.42
_iB517m
_2ddc
_n0
999 _c11466
_d11466